| 000 | 00972nam a22003017a 4500 | ||
|---|---|---|---|
| 001 | BR0401713 | ||
| 003 | BR-BrBNA | ||
| 005 | 20230928101559.0 | ||
| 007 | ta | ||
| 008 | 230509b bl.||||| |||| 00| 0 por d | ||
| 040 |
_aBR-BrBNA _bpor _cBiblioteca Nacional de Agricultura |
||
| 041 | _a(Por) | ||
| 072 |
_aF62 _b1590 |
||
| 090 | _ 1590 BR0401713 | ||
| 100 | 1 | _aFaria, L.L. | |
| 110 | 1 |
_aUniversidade Federal de Lavras, MG (Brasil) _0Tese (Mestrado) |
|
| 245 | 1 | _aInfluência do fotoperíodo no crescimento, composição química e indução de raízes tuberosas do feijão jacatupé [Pachyrrhizus tuberosus (Lam.)Spreng] | |
| 260 | 3 |
_aLavras, MG (Brasil): _c1998. |
|
| 300 | _a46 p. | ||
| 500 | _aSummaries (Eng, Por); Bibliography p. 40-46; 5 tables; 12 illus. | ||
| 650 | _aFEIJÃO | ||
| 650 | _aJICAMA | ||
| 650 | _aCRESCIMENTO | ||
| 650 | _aCOMPOSIÇÃO QUÍMICA | ||
| 650 | _aFOTOPERIODISMO | ||
| 909 |
_a202309 _bLucia _c55 _dLucia Elande |
||
| 942 | _cBK | ||
| 999 |
_c66536 _d66536 |
||